000
00258nam a22001217a 4500
003
SGT
082
_a
617.3
_b
C76S
100
_a
Shane, John M.
245
_a
Clinical Symposia
_b
Inferile Couple
260
_b
C.I.B.A.
_c
1976
300
_a
40
942
_2
ddc
_c
RARE
999
_c
33144
_d
33144